00365nas a2200157 4500000000100000008004100001260001600042653002800058653001100086653001200097100001500109245005200124300001000176490000700186022001400193 1969 d c1969 Summer10aDiagnosis, Differential10aHumans10aleprosy1 aBrowne S G00aLeprosy--a clinical and pathological challenge. a123-80 v38 a0041-6193